2021 F1 World Championship Race Winners - Statistics

General Stats
  • This quiz has been taken 103 times
  • The average score is 22 of 22
Answer Stats
Hint Answer % Correct
Bahrain Lewis Hamilton
100%
Portugal Lewis Hamilton
100%
Spain Lewis Hamilton
100%
Great Britain Lewis Hamilton
100%
Russia Lewis Hamilton
100%
Brazil Lewis Hamilton
100%
Qatar Lewis Hamilton
100%
Saudi Arabia Lewis Hamilton
100%
Emilia Romagna Max Verstappen
100%
Monaco Max Verstappen
100%
France Max Verstappen
100%
Styria Max Verstappen
100%
Austria Max Verstappen
100%
Belgium Max Verstappen
100%
Netherlands Max Verstappen
100%
United States Max Verstappen
100%
Mexico Max Verstappen
100%
Abu Dhabi Max Verstappen
100%
Azerbaijan Sergio Perez
95%
Turkey Valteri Bottas
92%
Italy Daniel Ricciardo
88%
Hungary Esteban Ocon
88%
No matching quizzes found
Score Distribution
Percent of People with Each Score
Percentile by Number Answered
Your Score History
You have not taken this quiz